Culture générale des États-Unis - Statistiques

Statistiques générales
  • Ce quiz a été pris 923 fois
  • Le résultat moyen est 21 sur 35
Statistiques - réponses
Questions Réponses % Correct
Nombres d'états quiconstituent les États-Unis 50
98%
Les cinq villes les pluspeuplées New York
94%
Capitale des États-Unis Washington D.C.
89%
État le plus peuplé Californie
87%
Président américain quifut assassiné lors d'une balade en voiture à Dallas John Fitzgerald Kennedy
87%
Les cinq villes les pluspeuplées Los Angeles
87%
Fameuses chutes d'eau quidélimitent la frontière entre le Canada et les États-Unis dans l'état de New York Chutes du Niagara
80%
Noms des deux principauxpartis politiques aux États-Unis Démocrate
80%
Noms des deux principauxpartis politiques aux États-Unis Républicain
80%
État le plus grand Alaska
79%
Cadeau offert aux États-Unispar la France pour fêter leur indépendance Statue de la Liberté
79%
Les quatre sports d'équipes lesplus populaires Basketball
78%
Les quatre sports d'équipes lesplus populaires Baseball
77%
Les quatre sports d'équipes lesplus populaires Football américain
77%
Les cinq villes les pluspeuplées Chicago
76%
Région en Californie où sontbasées de nombreuses entreprises internationales de technologies Silicon Valley
72%
Nom du service fédéral de policejudiciaire aux États-Unis Federal Bureau of Investigation
69%
Dernier état à avoir ratifiéla constitution des États-Unis Hawaï
69%
Mont où sont sculptées la têtede quatre présidents américains Mont Rushmore
66%
État le plus petit Rhode Island
65%
Personnes représentées sur lesdollars américains Abraham Lincoln
63%
Les quatre sports d'équipes lesplus populaires Hockey sur glace
57%
Les cinq villes les pluspeuplées Houston
49%
Premier état à avoir ratifiéla constitution des États-Unis Delaware
45%
Personnes représentées sur lesdollars américains George Washington
40%
État le moins peuplé Wyoming
35%
Personnes représentées sur lesdollars américains Thomas Jefferson
34%
Personnes représentées sur lesdollars américains Benjamin Franklin
33%
Les cinq villes les pluspeuplées Phoenix
25%
Noms des deux campsqui s'affrontaient durant la guerre de sécession Union
21%
Noms des deux campsqui s'affrontaient durant la guerre de sécession Confédération
19%
Plus haut sommet des États-Unis Denali
18%
Personnes représentées sur lesdollars américains Andrew Jackson
11%
Personnes représentées sur lesdollars américains Ulysses Grant
10%
Personnes représentées sur lesdollars américains Alexander Hamilton
7%
Aucun quiz correspondant
Distribution des résultats
% des personnes avec chaque résultat
Percentile par nombre de réponses
Votre historique - résultats
Vous n’avez pas pris ce quiz